Dawne nazwy górnośląskich aptek
| Titel: | Dawne nazwy górnośląskich aptek |
|---|---|
| Verfasser: | |
| In: |
Wrocławskie Towarzystwo Naukowe. Komisja Językowa: Rozprawy Komisji Językowej, Band 33 (2006), Seite 25-31 alle Artikel anzeigen |
| Veröffentlicht: | 2006 |
| Format: | Aufsatz |
| Sprache: | Polnisch |
X
alg: 39455375
001A $01999:12-11-16
001B $01999:30-05-21 $t14:35:30.000
001C $06050:19-11-16 $t08:50:36.000
001D $01999:12-11-16
001U $0utf8
001X $00
002@ $0Aox
003@ $0394553756
007A $0394553756 $aHEB
007T $0Herdww038015
010@ $apol
011@ $a2006
021A $aDawne nazwy górnośląskich aptek
027A $aAlte Namen der oberschlesischen Apotheken
028A $aSeiffert $dIrena
031A $d33 $h25-31 $j2006
039B $aIn $8--Abvc--Wrocławskie Towarzystwo Naukowe$bKomisja Językowa [Tb1]. Rozprawy Komisji Językowej. - Wrocław {[u.a.] : Państw. Wydawn. Naukowe, 1959-2015. - ISSN 0084-2990 $x200600000330000975 $9047286199
045F $a417.7094385 $eDDC23BSB
045F/01 $a417.7
045F/03 $g4385
045T $a7,11 $a7,39
045T $aLING $qDE-30 $2FID
046C $aAlte Namen der oberschlesischen Apotheken $bÜbers. des Hauptsacht.
lok: 39455375 78
exp: 39455375 78 1 #EPN
201B/01 $018-09-18 $t22:51:04.000
201U/01 $0utf8
203@/01 $0790664186
208@/01 $a12-11-16 $be
209A/01 $a/ $f000 $x00
220C/01 $aTitelaufnehmer: AH
220C/01 $aHerkunft: IH UWr;IH PAN/PBB Kraków
244Z/01 $2Trx $#Silesia $#Śląsk $#Sliezsko $#Slezsko $8--Trx--Schlesien $x01 $9391173987
244Z/01 $#Oberschlesien $#Górny Śla̜sk $#Horní Slezsko $74042978-7 $8--Tg1--Oberschlesien $x02 $9085119679
244Z/01 $aGeschichte 1163-1945 $x03
244Z/01 $2Trx $#apteegid $#vaistinės $#pharmacies $#gyógyszertárak $#apteki $#lekárne $#lékárny $8--Trx--Apotheken $x04 $9391359126
244Z/01 $2Trx $#nimeteadus üldine $#onomastika bendras $#onomatology general $#névtan általános $#onomastyka ogólnie $#náuka o menách všeobecne $#onomastika všeobecně $#Onomastik $#onomastika $8--Trx--Namenkunde$gallgemein $x05 $9391356453
244Z/01 $2Trx $8--Trx--Zeitschriftenaufsatz $x06 $9391384341
245Z/01 $a11.07 $x01
247C/01 $82080>Marburg/Lahn, Herder-Institut, Forschungsbibliothek, Bibliographieportal $9336309341
| LEADER | 00000caa a22000002c 4500 | ||
|---|---|---|---|
| 001 | 394553756 | ||
| 003 | DE-603 | ||
| 005 | 20210530143530.0 | ||
| 007 | tu | ||
| 008 | 161112s2006 xx |||| | u00||u|pol c | ||
| 035 | |a (DE-599)HEB394553756 | ||
| 040 | |a DE-603 |b ger |c DE-603 |d DE-603 | ||
| 041 | |a pol | ||
| 082 | 0 | 4 | |8 1\u |a 417.7094385 |q DE-101 |2 23/BSB |
| 084 | |a 7,11 |a 7,39 |2 ssgn | ||
| 084 | |a LING |q DE-30 |2 fid | ||
| 085 | |8 1\u |b 417.7 | ||
| 085 | |8 1\u |z 2 |s 4385 | ||
| 100 | 1 | |a Seiffert, Irena | |
| 245 | 0 | 0 | |a Dawne nazwy górnośląskich aptek |
| 246 | 1 | |i Übers. des Hauptsacht. |a Alte Namen der oberschlesischen Apotheken | |
| 246 | 1 | 3 | |a Alte Namen der oberschlesischen Apotheken |
| 264 | 0 | |c 2006 | |
| 773 | 0 | 8 | |i In |a Wrocławskie Towarzystwo Naukowe. Komisja Językowa |t Rozprawy Komisji Językowej |d Wrocław [u.a.] : Państw. Wydawn. Naukowe, 1959-2015 |x 0084-2990 |g Band 33 (2006), Seite 25-31 |w (DE-603)047286199 |w (DE-600)205639-2 |
| 924 | 0 | |9 2080 |a (DE-603)790664186 |b DE-2080 |c HES |d d |g / | |


